[Event "Bhopal GM Open 2019"]
[Site "Bhopal"]
[Date "2019.12.25"]
[Round "7.20"]
[White "Satvik Sharma"]
[Black "Trivedi Karan R"]
[Result "0-1"]
[WhiteElo "1740"]
[BlackElo "1949"]
[Annotator "NA RC"]
[PlyCount "66"]
[EventDate "2019.12.21"]
[EventType "swiss"]
[EventCountry "IND"]
[SourceTitle "playchess.com"]
[Source "ChessBase"]
[SourceQuality "1"]
[TimeControl "5400+30"]

{[%evp 10,60,38,32767,32767,32767,32767,32767,32767,32767,32767,32767,32767,32767,71,32767,46,26,35,35,7,0,0,-30,0,1,46,0,0,0,64,-18,-8,0,305,62,126,32767,32767,32767,75,-115,-57,32767,32767,32767,32767,32767,32767,32767,-2228,-1867,-733]} 1. d4 Nf6 {[%emt 0:00:00]} 2. Bf4 {[%emt 0:00:00]} g6 {[%emt 0:00:59]} 3. Nc3 {[%emt 0:00:00]} Bg7 {[%emt 0:01:29]} 4. e4 {[%emt 0:00:00]} d6 {[%emt 0:00:59]} 5. Qd2 {[%emt 0:00:00]} O-O {[%emt 0:06:03]} 6. O-O-O {[%emt 0:00:20]} c6 {[%emt 0:08:20] B07: Pirc Defence: Miscellaneous Systems} 7. h4 {[%emt 0:03:08]} (7. f3 b5 8. Kb1 a5 9. Bh6 a4 10. e5 dxe5 11. Bxg7 Kxg7 12. dxe5 Nfd7 13. h4 h5 14. e6 fxe6 {1-0 (44) Nihal,S (2598)-Sevian,S (2666) chess.com INT 2019}) 7... b5 {[%emt 0:00:27]} 8. f3 {[%emt 0:00:42]} b4 {[%emt 0:00:56]} 9. Nce2 {[%emt 0:01:32]} Qa5 {[%emt 0:01:59]} 10. Kb1 {[%emt 0:00:58]} c5 $146 {[%emt 0:04:35]} ({Predecessor:} 10... Be6 11. Nc1 Nbd7 12. Bh6 Bxh6 13. Qxh6 Nb6 14. Nb3 {1-0 (29) Alahakoon,I (2091)-Kumara,C (1839) Colombo 2018}) 11. h5 {[%emt 0:12:45]} Nc6 {[%emt 0:08:50]} 12. Bh6 {[%emt 0:05:52]} b3 {[%emt 0:01:19]} ({Wrong is} 12... Nxh5 $2 {[#]} 13. Rxh5 $1 {[%mdl 512]} b3 14. Qxa5 $18) 13. axb3 {[%emt 0:11:20]} Qxd2 $1 {[%emt 0:01:02]} ({Don't play} 13... Bxh6 $6 14. Qxh6 cxd4 15. hxg6 $16) 14. Bxd2 {[%emt 0:00:05]} cxd4 {[%emt 0:00:52]} 15. hxg6 {[%emt 0:03:36]} hxg6 {[%emt 0:00:13]} 16. Nh3 {[%emt 0:04:13]} e5 {[%emt 0:00:14]} 17. Nc1 {[%emt 0:06:00]} d5 {[%emt 0:07:04]} 18. exd5 {[%emt 0:02:00]} (18. Bb5 $5 {[%cal Rb5c6]} Bd7 19. exd5 Nxd5 20. Nd3 $14) 18... Nxd5 {[%emt 0:00:13]} 19. Ng5 {[%emt 0:03:03]} Ncb4 {[%emt 0:02:40]} (19... a5 $11) 20. Nd3 {[%emt 0:09:26]} (20. Bc4 $16) 20... a5 {[%emt 0:01:14]} 21. Nc5 {[%emt 0:04:05]} Be6 $2 {[%emt 0:00:42]} (21... Bf5 $11 22. Nce4 a4) 22. Nce4 $2 {[%emt 0:00:20]} (22. Ncxe6 $18 fxe6 23. Bc4) 22... a4 {[%emt 0:03:35]} 23. c3 {[%emt 0:08:49]} Nc6 {[%emt 0:02:10]} 24. b4 {[%emt 0:02:03]} Rfc8 {[%emt 0:05:43]} (24... a3 $1 $11 {keeps the balance.}) 25. Ka1 $2 {[%emt 0:05:09] [#]} (25. Nxe6 $16 fxe6 26. g3) 25... a3 $1 {[%emt 0:00:44]} 26. b3 {[%emt 0:04:13]} dxc3 {[%emt 0:00:35]} 27. Bc4 {[%emt 0:00:29]} Ncxb4 {[%emt 0:02:22]} 28. Bxc3 {[%emt 0:05:03]} Nxc3 {[%emt 0:01:39]} 29. Nxc3 {[%emt 0:00:06]} e4 {[%emt 0:01:05]} 30. Rc1 {[%emt 0:00:51] e} exf3 $19 {[%emt 0:00:40]} (30... Bxc4 $142 31. bxc4 exf3) 31. Bxe6 {[%emt 0:05:54]} Kf8 {[%emt 0:00:11]} 32. Bxf7 {[%emt 0:00:27]} Rc5 33. Be6 Rxc3 {[%emt 0:00:49]} 0-1

[Event "Bhopal GM Open 2019"]
[Site "Bhopal"]
[Date "2019.12.26"]
[Round "8.1"]
[White "Nguyen, Van Huy"]
[Black "Yakubboev, Nodirbek"]
[Result "1/2-1/2"]
[WhiteElo "2457"]
[BlackElo "2592"]
[Annotator "TA"]
[PlyCount "76"]
[EventDate "2019.12.21"]
[EventType "swiss"]
[EventCountry "IND"]
[SourceTitle "playchess.com"]
[Source "ChessBase"]
[SourceQuality "1"]

{[%evp 13,76,36,38,13,26,3,5,2,0,1,0,0,17,0,0,0,8,8,0,4,24,27,47,26,35,12,51,0,0,0,0,0,67,60,68,68,120,26,26,26,55,58,59,60,55,28,105,70,71,77,80,80,83,70,73,42,43,41,49,49,49,43,42,37,55]} 1. d4 Nf6 2. c4 e6 3. Nf3 d5 4. g3 Nc6 5. Bg2 Bb4+ 6. Bd2 a5 7. O-O dxc4 8. Bc3 {E11: Bogo-Indian} (8. e3 Bd7 9. Qe2 b5 10. a4 bxa4 11. Qxc4 Nd5 12. Qc2 Bxd2 13. Qxd2 Nce7 14. Ne5 Rb8 15. Qxa5 Rxb2 16. Nxd7 Qxd7 {½-½ (35) Ghaem Maghami,E (2556)-Short,N (2684) Jakarta 2013}) 8... Rb8 9. a4 b6 10. Nbd2 {The position is equal.} Ba6 11. e4 O-O 12. Re1 Re8 13. Rc1 $146 ({Predecessor:} 13. Bf1 e5 14. d5 Bxc3 15. bxc3 Na7 16. Bxc4 {1-0 (51) Jakubowski,M (2223)-Grycel,K (2290) Ustron 2003}) 13... Bxc3 14. bxc3 e5 {[%cal Re5d4]} 15. d5 Na7 {[%cal Bc6a7,Ba7c8,Bc8d6][%mdl 32]} 16. Bf1 Re7 17. Bxc4 Bc8 18. Qc2 Bg4 19. Nh4 $36 {[%mdl 2048] White has the initiative.} Nc8 20. Be2 (20. Bb5 $14) 20... Bd7 $11 21. Ba6 Nd6 22. c4 {[%cal Bc3c4,Bc4b5][%mdl 32]} c5 ({Better is} 22... c6 $11) 23. Bb5 $14 Bxb5 24. cxb5 Rc8 ({Black should try} 24... Ng4 $14) 25. Nc4 (25. f4 $16) 25... Nxc4 $11 26. Qxc4 Ne8 27. Nf5 {aiming for Qc3.} Rd7 28. Qc3 f6 29. Rc2 c4 (29... g6 $11 {remains equal.} 30. Nh6+ Kg7) 30. Rec1 g6 $1 {[%cal Rg6f5]} 31. Ne3 Nd6 32. f3 Rc5 33. Qd2 {[%cal Re3c4]} Rdc7 34. Nd1 f5 {White is slightly better.} 35. Nc3 Rf7 36. Re1 f4 37. g4 Kf8 38. Kf1 h6 {Accuracy: White = 36%, Black = 51%.} 1/2-1/2

[Event "Bhopal GM Open 2019"]
[Site "Bhopal"]
[Date "2019.12.26"]
[Round "8.2"]
[White "Bogdanovich, Stanislav"]
[Black "Nigmatov, Ortik"]
[Result "1/2-1/2"]
[WhiteElo "2562"]
[BlackElo "2474"]
[Annotator "TA"]
[PlyCount "132"]
[EventDate "2019.12.21"]
[EventType "swiss"]
[EventCountry "IND"]
[SourceTitle "playchess.com"]
[Source "ChessBase"]
[SourceQuality "1"]

{[%evp 15,131,0,0,0,0,-3,-4,-24,-23,-29,-12,-20,-14,-43,-37,-61,-61,-57,-46,-57,-22,-32,-29,-28,-25,-32,-32,-48,-51,-58,-51,-64,-57,-49,-42,-51,-45,-50,-52,-54,-56,-143,-131,-137,-137,-145,-147,-141,-149,-147,-133,-241,-156,-229,-148,-146,-146,-163,-29,-61,-5,-8,-18,-8,0,0,0,0,0,0,8,0,0,0,0,0,0,0,0,0,0,0,0,0,0,0,0,0,0,0,0,0,0,0,0,0,0,0,0,0,0,0,0,0,0,0,0,0,0,0,0,0,0,0,0,0,0,0]} 1. e4 c5 2. Nf3 d6 3. c3 Nf6 4. g3 Nc6 5. d3 g6 6. Bg2 Bg7 7. O-O O-O 8. Re1 e5 9. a4 {A05: Réti Opening: 1 Nf3 Nf6} (9. a3 h6 10. b4 b6 11. b5 Ne7 12. a4 a6 13. Na3 Be6 14. Bb2 Nd7 15. bxa6 Rxa6 16. Nb5 d5 17. exd5 Nxd5 {0-1 (62) Saric,I (2664)-Zherebukh,Y (2636) chess.com INT 2018}) 9... h6 10. Na3 Be6 11. h3 Re8 12. Be3 $146 ({Predecessor:} 12. Nc4 Qc7 13. Ne3 Qd7 14. Kh2 d5 15. exd5 Nxd5 16. Nc4 f6 17. a5 {0-1 (26) Radosavljevic,S (2248)-Arsovic,G (2423) Belgrade 2009}) 12... Rc8 13. Kh2 b6 14. Nd2 d5 15. exd5 Nxd5 16. Ndc4 Rb8 17. Qd2 Kh7 18. f4 exf4 19. Bxf4 Nxf4 20. Qxf4 Ne7 21. Nb5 Nd5 $1 {[%cal Rd5f4]} ({Don't go for} 21... Qxd3 $2 22. Ncd6 $18) 22. Qf2 a6 23. Nbd6 {[%mdl 64] Double Attack} Re7 24. Ne4 f5 $36 {[%mdl 2048] Black is pushing.} 25. Ned2 $1 Bf7 26. Rxe7 Qxe7 27. Re1 Qc7 28. d4 (28. Bxd5 $15 Bxd5 29. Qf4 Qxf4 30. gxf4) 28... cxd4 $17 29. cxd4 {[#]} Nb4 $1 {[%cal Rb4d3]} 30. Qf4 Qxf4 31. gxf4 Bxd4 32. Re7 Kg8 {White must now prevent ...Rd8.} 33. Rd7 (33. Rc7 $17 {keeps fighting.}) 33... Bf6 34. Rd6 (34. Kg3 $17) 34... Kg7 35. Ne5 Bxe5 36. fxe5 {[#]} Kf8 (36... b5 $1 $19 37. axb5 Rxb5) 37. Bf1 b5 ({Black should play} 37... Rc8 $1 $15) 38. axb5 $11 {The position is equal.} axb5 39. Nf3 Ke7 40. Nh4 Rd8 41. Nxg6+ Bxg6 42. Rxg6 {[%mdl 4096] Endgame KRB-KRN} Nd3 43. Rb6 Nxe5 44. Rxb5 Kf6 45. Rb4 Rd2+ 46. Kg3 Ng6 47. h4 Rd6 48. Be2 Ne5 49. Rb8 Nd7 50. Rh8 Ke5 51. b4 Nf6 52. b5 Ne4+ 53. Kf3 Nd2+ 54. Ke3 f4+ 55. Kf2 Ne4+ 56. Kf3 Nd2+ 57. Kg4 f3 58. Bxf3 {aiming for Bc6.} Rd4+ 59. Kg3 {And now b6 would win.} Nxf3 {KRN-KR} 60. b6 Rb4 61. Kxf3 Rxb6 {KR-KR} 62. Kg4 Rg6+ 63. Kh5 Rf6 64. Rg8 Ke6 65. Rg1 $1 Kf7 66. Rg6 Rxg6 {Accuracy: White = 64%, Black = 60%.} 1/2-1/2

[Event "Bhopal GM Open 2019"]
[Site "Bhopal"]
[Date "2019.12.26"]
[Round "8.3"]
[White "Rios, Cristhian Camilo"]
[Black "Taher, Yoseph Theolifus"]
[Result "1/2-1/2"]
[WhiteElo "2505"]
[BlackElo "2469"]
[Annotator "TA"]
[PlyCount "62"]
[EventDate "2019.12.21"]
[EventType "swiss"]
[EventCountry "IND"]
[SourceTitle "playchess.com"]
[Source "ChessBase"]
[SourceQuality "1"]

{[%evp 15,62,0,41,37,45,31,50,39,39,14,42,10,14,7,91,-34,-39,-27,-26,-64,-34,-29,-23,-105,-104,-107,0,-70,-117,-94,-85,-95,-16,-13,-17,-87,-85,-91,-81,-148,0,0,0,0,2,0,0,0,0]} 1. d4 Nf6 2. c4 e6 3. Nc3 Bb4 4. Qc2 O-O 5. a3 Bxc3+ 6. Qxc3 b6 7. Bg5 Bb7 8. f3 c5 9. dxc5 {E32: Nimzo-Indian: Classical (4 Qc2): 4...0-0} bxc5 10. Nh3 (10. e3 d6 11. O-O-O a5 12. Bxf6 gxf6 13. Ne2 Ra6 14. Nf4 Nd7 15. Nh5 Kh8 16. Be2 Rg8 17. g4 a4 18. Rd2 Rxg4 19. fxg4 Bxh1 {0-1 (47) Seirawan,Y (2643)-Hess,R (2635) Saint Louis 2012}) 10... d5 $146 ({Predecessor:} 10... h6 11. Bxf6 Qxf6 12. Qxf6 gxf6 13. Nf4 Rd8 14. O-O-O Kf8 15. e3 Ke7 16. Be2 Nc6 17. Kc2 d6 18. Kc3 a5 19. b3 Ne5 20. Rd2 Bc6 {½-½ (20) Nikolov,S (2409)-Simantsev,M (2539) Paracin 2010}) 11. cxd5 {White is slightly better.} exd5 12. Qxc5 (12. Bxf6 $5 Qxf6 13. Qxf6 gxf6 14. Nf4 $11) 12... Nc6 13. e3 h6 14. Bf4 Nh5 (14... Rc8 $11) 15. Be2 (15. O-O-O $1 $16) 15... Qh4+ $15 {[%mdl 1024] Black has compensation.} 16. Kf1 d4 17. Bd6 Rfd8 18. e4 $1 Rac8 19. Nf2 (19. Bd3 $11 {keeps the balance.}) 19... Qf6 $1 $17 20. e5 Qg6 (20... Nxe5 $1 $17 21. Qxe5 Rxd6 22. Qxh5 d3 23. Bxd3 (23. Nxd3 Ba6 $15) 23... Qxb2) 21. g3 ({White should try} 21. Bd3 $11 Qg5 22. Rg1) 21... Nxe5 $1 $15 {[%mdl 64] Discovered Attack, Remove Defender} 22. Qxe5 {aiming for Bb4.} Rxd6 23. Bd3 {[#]} Ba6 ({Black should play} 23... Re6 $1 $17 {[%cal Re6e5]} 24. Qxd4 Qf6 25. Qxf6 Rxf6) 24. Bxa6 $11 Rxa6 25. Rd1 (25. g4 $1 $11 Nf6 26. Qxd4) 25... Rf6 $17 26. f4 Rb6 27. Qxd4 {[#]} ({Better is} 27. b4) 27... Qc6 (27... Rb3 $1 $17 {...Rxg3! is the strong threat.} 28. g4 Qa6+ 29. Kg2 (29. Kg1 $2 Nf6 $17) 29... Qb7+ 30. Kg1 Nf6) 28. Qd5 $1 $11 {The position is equal.} Qg6 29. b4 Nf6 30. Qd3 Qxd3+ 31. Rxd3 Rc2 {Accuracy: White = 31%, Black = 50%.} 1/2-1/2

[Event "Bhopal GM Open 2019"]
[Site "Bhopal"]
[Date "2019.12.26"]
[Round "8.4"]
[White "Sahoo, Utkal Ranjan"]
[Black "Tukhaev, Adam"]
[Result "1/2-1/2"]
[WhiteElo "2329"]
[BlackElo "2552"]
[Annotator "TA"]
[PlyCount "60"]
[EventDate "2019.12.21"]
[EventType "swiss"]
[EventCountry "IND"]
[SourceTitle "playchess.com"]
[Source "ChessBase"]
[SourceQuality "1"]

{[%evp 22,60,12,12,20,0,0,-5,-17,-66,70,-14,-7,-43,-34,-25,-26,-31,-33,-31,-33,-29,-27,-33,-34,-60,-74,-64,0,0,0,0,0,0,0,0,24,18,13,15,11]} 1. d4 e6 2. c4 d5 3. Nc3 Bb4 4. e3 Nf6 5. Bd3 O-O 6. Nf3 c5 7. O-O dxc4 8. Bxc4 Nc6 9. a3 Bxc3 10. bxc3 Qc7 11. Bb2 e5 12. h3 Bf5 {E59: Nimzo-Indian: Rubinstein: Main Line: 7...Nc6 8 a3 Bxc3 9 bxc3 dxc4} (12... e4 13. Nd2 Na5 14. Ba2 Re8 15. c4 cxd4 16. Bxd4 Qe7 17. f3 Be6 18. Qa4 Nc6 19. Bxf6 Qxf6 20. Nxe4 Qh6 {0-1 (60) Peralta,F (2566)-Naiditsch,A (2643) Linares 2019}) 13. Ba2 Rad8 14. Qe2 Bg6 15. Rfd1 e4 $146 (15... Bh5 $1 $15 16. g4 (16. dxc5 $2 e4 $19) 16... Bg6) ({Predecessor:} 15... Bh5 16. dxe5 Nxe5 17. c4 Nxf3+ 18. gxf3 Ne4 19. Kh1 Qc8 20. Kh2 Ng5 21. Qf1 Nxf3+ 22. Kh1 Nd2 {0-1 (22) Nikolov,S (2390)-Nikolov,M (2474) Sunny Beach 2007}) 16. Nh2 (16. Nh4 $1 $14) 16... Bh5 $11 17. Ng4 {[#] Nxf6+ is the strong threat.} (17. g4 $5 {[%cal Rg4h5]} Bg6 18. Nf1 $14) 17... Kh8 18. c4 Ne8 {Hoping for ...f5.} 19. d5 ({But not} 19. dxc5 $2 f5 $17) 19... Ne7 {And now ...f5 would win.} 20. f3 $1 exf3 21. gxf3 Ng6 22. Qh2 Qe7 23. Re1 f5 24. Ne5 Nxe5 ({Black should play} 24... Rd6 $15) 25. Qxe5 Qxe5 26. Bxe5 Bxf3 27. Rf1 Be4 28. Bb1 {[#] aiming for Bxe4.} Bxb1 29. Raxb1 ({Of course not} 29. Rfxb1 Rf7 $15) 29... Rd7 30. e4 Kg8 {Accuracy: White = 60%, Black = 75%.} 1/2-1/2

[Event "Bhopal GM Open 2019"]
[Site "Bhopal"]
[Date "2019.12.26"]
[Round "8.5"]
[White "Lund Rachit"]
[Black "Venkatesh, M.R."]
[Result "0-1"]
[WhiteElo "1625"]
[BlackElo "2491"]
[Annotator "TA"]
[PlyCount "62"]
[EventDate "2019.12.21"]
[EventType "swiss"]
[EventCountry "IND"]
[SourceTitle "playchess.com"]
[Source "ChessBase"]
[SourceQuality "1"]

{[%evp 23,62,-12,-22,-22,-32,-16,-26,-39,-44,-34,74,0,29,26,18,24,22,-17,-17,-11,-18,-53,-41,-89,-93,-132,-97,-106,-80,-172,-80,-464,-464,-429,-405,-5932,-5924,-29988,-29989,-29987,-87]} 1. e4 c5 2. Nf3 Nc6 3. d4 cxd4 4. Nxd4 Nf6 5. Nc3 d6 6. Be2 e5 7. Nb3 Be7 8. O-O O-O 9. Kh1 a5 10. a4 Nb4 11. f4 Be6 12. Be3 Rc8 13. Bf3 {B59: Classical Sicilian: 6 Be2 e5 7 Nb3} (13. f5 Bd7 14. Bg5 Bc6 15. Bf3 b6 16. Qe2 Bb7 17. Rfd1 h6 18. Be3 d5 19. exd5 e4 20. Bxe4 Re8 21. d6 Nxe4 {1-0 (38) Ponkratov,P (2558)-Bocharov,D (2647) Moscow 2009}) 13... d5 {Threatens to win with ...dxe4.} 14. fxe5 Nxe4 15. Bxe4 {Black has an edge.} dxe4 16. Nd4 Bc4 (16... Qd7 $15) 17. Rf2 $146 ({Better is} 17. Qg4 $1 $16) ({Predecessor:} 17. Rf4 Nd5 18. Nxd5 Bxd5 19. Nf5 Be6 {0-1 (37) Adamowicz,K (2063)-Jakubiec,E (2204) Polanica Zdroj 2008}) 17... Nc6 (17... Be6 $5) 18. Nxc6 Rxc6 19. Nxe4 Qc7 20. Nd6 Bxd6 21. exd6 Rxd6 22. Qh5 {Bf4 is the strong threat.} Re8 23. Bf4 Qb6 $1 {[%csl LRb2,LRf2][%mdl 64] Double Attack} 24. Bg3 Rg6 {Hoping for ...Rxg3!} 25. Qh4 Bd5 26. Raf1 {[#]} (26. Rg1 $17 {was called for.}) 26... h6 $40 {[%mdl 128] Black attacks with force.} (26... Qxf2 $1 $19 {[%mdl 512] and Black stays clearly on top.} 27. Bxf2 (27. Rxf2 Re1+) 27... Rxg2) 27. b3 $2 {[%mdl 8192] [#]} (27. Rd2 $17 {is more resistant.} Be4 28. b3) 27... Qxf2 $3 $19 {[%mdl 576] Remove Defender} 28. Bxf2 (28. Rxf2 Re1+) 28... Rxg2 {[%cal Rg2g4]} 29. Qd4 (29. Rd1 $142 Bc6 30. h3) 29... Bc6 {( -> ...Rg6+)} 30. h3 Rxf2+ {[%mdl 64] Discovered Attack} 31. Kg1 Rg2+ {Accuracy: White = 15%, Black = 49%.} 0-1

[Event "Bhopal GM Open 2019"]
[Site "Bhopal"]
[Date "2019.12.26"]
[Round "8.6"]
[White "Lugovskoy, Maxim"]
[Black "Varun, Vij"]
[Result "1-0"]
[WhiteElo "2466"]
[BlackElo "1964"]
[Annotator "TA"]
[PlyCount "79"]
[EventDate "2019.12.21"]
[EventType "swiss"]
[EventCountry "IND"]
[SourceTitle "playchess.com"]
[Source "ChessBase"]
[SourceQuality "1"]

{[%evp 9,79,-10,0,0,0,0,0,2,1,0,-8,-21,16,-7,47,39,68,60,77,0,72,70,77,64,116,54,60,72,78,57,71,66,56,59,119,108,112,108,142,127,117,105,110,95,98,99,98,114,156,158,222,190,318,329,328,305,300,311,319,307,280,291,310,292,668,652,859,870,1538,1436,1370,1256]} 1. d4 Nf6 2. Nc3 d5 3. Bf4 g6 4. Qd2 Bg7 5. Bh6 O-O 6. Bxg7 {D01: Veresov Opening} Kxg7 7. O-O-O (7. e3 c5 8. dxc5 Nc6 9. Bb5 Qa5 10. Rb1 Rb8 11. Nge2 a6 12. Bxc6 bxc6 13. O-O Qxc5 {0-1 (28) Jobava,B (2698)-Salem,A (2630) Dubai 2019}) 7... c5 8. dxc5 {The position is equal.} Qa5 9. e3 Qxc5 10. f3 Nc6 11. g4 Be6 ({Black should try} 11... e5 $11) 12. Nge2 $14 b5 $146 ({Predecessor:} 12... Rfd8 13. g5 {1-0 (66) Balint,V (2215)-Farago,S (2203) Budapest 2018}) 13. Nd4 b4 14. Ncb5 (14. Na4 $16 Qd6 15. g5) 14... Bd7 (14... Nxd4 $1 $11 15. Nxd4 a5) 15. g5 $16 {[#] And now Nxc6 would win.} Nh5 16. Nc7 Rac8 (16... Rad8 $14) 17. Nxc6 (17. Nb3 $16 Qd6 18. Nxd5) 17... Bxc6 $14 18. Na6 $36 {[%mdl 2112] [#] Double Attack. Black is under strong pressure.} Qb6 19. Qd4+ Qxd4 20. exd4 Bb7 21. Nxb4 f6 (21... Rh8 $14) 22. Nd3 Rc6 23. Re1 e6 24. Bh3 Bc8 25. Bg4 fxg5 {next ...Nf4 is good for Black.} 26. Bxh5 gxh5 27. h4 Rc7 28. Ne5 g4 29. Rhg1 Ba6 (29... Rf4 $16) 30. fxg4 $18 Rf2 (30... Rf4 {was called for.} 31. gxh5+ Kf8) 31. gxh5+ Kf8 32. c3 Rb7 33. b4 Rxa2 34. Kb1 Rf2 35. h6 Be2 36. Rg3 Bh5 $2 (36... Bf1 37. Ng4 Rff7 38. Rxe6 Rb6) 37. Reg1 {Hoping for Rg8+.White is clearly winning.} Bf7 38. Rg7 Ke8 39. h5 a5 40. Rxf7 {Accuracy: White = 77%, Black = 46%.} 1-0

[Event "Bhopal GM Open 2019"]
[Site "Bhopal"]
[Date "2019.12.26"]
[Round "8.7"]
[White "Manik, Mikulas"]
[Black "Mahindrakar Indrajeet"]
[Result "1-0"]
[WhiteElo "2379"]
[BlackElo "2042"]
[Annotator "TA"]
[PlyCount "61"]
[EventDate "2019.12.21"]
[EventType "swiss"]
[EventCountry "IND"]
[SourceTitle "playchess.com"]
[Source "ChessBase"]
[SourceQuality "1"]

{[%evp 20,61,56,33,100,89,97,98,98,71,138,71,140,136,136,135,139,127,183,173,402,338,439,428,964,903,1331,1293,1236,1233,995,691,1339,1324,2938,2429,29994,29995,29995,29996,29997,29998,29998,29999]} 1. e4 e6 2. d4 d5 3. Nc3 Bb4 4. e5 c5 5. a3 Bxc3+ 6. bxc3 Qc7 7. Qg4 f5 8. Qg3 cxd4 9. cxd4 Ne7 10. Bd2 O-O 11. Bd3 Nbc6 {[#] C18: French: 3 Nc3 Bb4: Main line: 7 h4 and 7 Qg4} ({Better is} 11... b6 $14) (11... b6 12. Ne2 Ba6 13. Nf4 Qd7 14. Bb4 Rf7 15. Bd6 Bxd3 16. Qxd3 Nc8 17. Bxb8 Rxb8 18. c4 Ne7 19. O-O Rd8 20. Rac1 {½-½ (20) Bok,B (2586)-Nikolic,P (2606) Netherlands 2015}) 12. Ne2 $1 $16 Na5 13. O-O Nc4 {White is better.} 14. Bg5 Rf7 (14... Nb2 $142) 15. h4 $146 (15. Rfb1 $142) ({Predecessor:} 15. Ra2 b6 16. h4 Kf8 17. h5 h6 18. Bc1 Bd7 {0-1 (18) Bensch,P-Holzapfel,J Germany 1992}) 15... Kh8 ({Black should try} 15... Nb2) 16. Nf4 Ng8 17. h5 Nh6 18. Rfe1 Na5 (18... b6 $16 {was necessary.} 19. Nxd5 exd5) 19. Nxd5 $18 Qd7 $2 (19... exd5 20. e6 Bxe6) 20. Nf6 {[%mdl 64] Deflection} gxf6 21. Bxh6 Qxd4 (21... Nc6 $142 22. exf6 Rxf6) 22. Rad1 Qb6 23. exf6 Bd7 24. Bg7+ Kg8 25. h6 Rc8 26. Be2 Be8 27. Bh5 {Threatening mate with Bf8+!} Qc6 {[#]} 28. Bf8+ $1 {[%mdl 512] White mates.} Kxf8 29. Bxf7 Bxf7 30. Qg7+ {[%mdl 64] Double Attack} Ke8 31. Qh8+ {Accuracy: White = 76%, Black = 26%.} 1-0

[Event "Bhopal GM Open 2019"]
[Site "Bhopal"]
[Date "2019.12.26"]
[Round "8.8"]
[White "Ziatdinov, Raset"]
[Black "Czebe, Attila"]
[Result "0-1"]
[WhiteElo "2204"]
[BlackElo "2374"]
[Annotator "TA"]
[PlyCount "118"]
[EventDate "2019.12.21"]
[EventType "swiss"]
[EventCountry "IND"]
[SourceTitle "playchess.com"]
[Source "ChessBase"]
[SourceQuality "1"]

{[%evp 9,118,23,34,34,58,52,62,-4,0,0,0,0,0,0,0,-8,0,-32,62,-63,-82,-62,0,0,0,0,0,0,0,0,-14,0,149,144,144,157,167,120,189,180,216,226,162,48,50,16,22,16,22,8,8,12,9,10,10,-43,-43,-42,-41,-41,-41,-41,-40,-39,-36,-36,-36,-36,-36,-54,-29,-35,-36,-54,-41,-98,-38,-41,-8,-8,-16,-16,-16,-16,-15,-11,-8,-8,-8,-1409,-1255,-1408,-1318,-1371,-1366,-1369,-1330,-1086,-972,-1324,-828,-1334,-1304,-2050,-1934,-29983,-29984,-29984,-29985,-29985,-29985]} 1. e4 g6 2. d4 d6 3. Nf3 Nf6 4. Nc3 Bg7 5. Be2 a6 (5... O-O 6. O-O c6 7. a4 Nbd7 8. a5 Qc7 9. h3 e5 10. Be3 Re8 11. Bc4 exd4 12. Bxd4 Ne5 13. Nxe5 dxe5 14. Be3 Nh5 15. Na4 Nf4 16. Nc5 Qe7 17. Qf3 {½-½ (69) Yu,Y (2752)-Carlsen,M (2882) Saint Louis 2019}) 6. a4 {B08: Pirc Defence: Classical System} b6 7. O-O Bb7 8. d5 (8. e5 $14 dxe5 9. Nxe5 (9. dxe5 Nd5 $14)) 8... O-O $11 9. Re1 c6 $146 ({Predecessor:} 9... c5 10. Bf4 h6 11. h3 Nbd7 12. Qd2 g5 13. Bh2 Qc7 14. Rad1 Ne5 15. Nxe5 dxe5 16. d6 exd6 17. Qxd6 Qxd6 18. Rxd6 Nxe4 19. Rxb6 Nxc3 20. bxc3 {1-0 (88) Dittmar,P (2334)-Keller,M (2180) Seefeld 2006}) 10. Bg5 h6 11. Bf4 Nbd7 12. Qd2 Kh7 13. Rad1 Rc8 (13... cxd5 $15 14. exd5 Rc8) 14. Bf1 (14. dxc6 $14 Rxc6 15. e5 dxe5 16. Nxe5 (16. Bxe5 Qc8 $11)) 14... cxd5 $15 15. exd5 Rc5 (15... Rxc3 $1 $15 16. Qxc3 Nxd5 {[%mdl 64] Double Attack}) 16. Be3 $11 Nxd5 17. Bxc5 Bxc3 $1 18. bxc3 Nxc5 19. Bc4 Nf6 20. Qe3 Nce4 (20... e6 $11) 21. Rb1 $16 b5 22. axb5 axb5 23. Rxb5 Bc6 (23... Qd7 $16 24. Rb4 Kg7) 24. Rb4 $18 e5 25. Bd3 Nxc3 26. Rh4 ({Only move:} 26. Bxg6+ $1 $18 fxg6 27. Qxc3) 26... Ng8 $1 $14 27. Bxg6+ fxg6 28. Ng5+ $1 Kh8 {Strongly threatening ...Nd5.} 29. Rxh6+ $1 Nxh6 {[#]} 30. Ne6 $1 {[%mdl 576] Double Attack} Qh4 $1 31. Nxf8 Kg7 $1 32. Ne6+ (32. Nxg6 $11 Qg4 33. Nh4) 32... Kf6 $15 {And now ...Ng4! would win.} 33. Qxc3 Ng4 $36 {[%mdl 2112] Double Attack. Black is more active.} 34. Qg3 Qxg3 35. hxg3 Kxe6 36. f3 Nf6 37. Kf2 Ba4 38. c4 Nd7 39. Rc1 Bc6 40. Ke3 Nc5 41. g4 Bb7 42. g3 ({White should try} 42. Rc2 $15) 42... g5 (42... Ba6 $17 43. Rc2 Nb3) 43. Rc2 Nd7 44. f4 Nf6 45. fxg5 Nxg4+ 46. Ke2 Ba6 47. g6 $1 e4 {White must now prevent ...d5.} 48. Ke1 $1 Ne5 $1 {[%csl LRc4,LRg6]} 49. Kf2 $2 {[%mdl 8192]} (49. c5 $11) 49... Bxc4 $19 50. Ke3 {[#]} d5 $1 51. g7 Kf7 52. Rb2 Kxg7 53. Rb6 Kf7 54. Kf4 Ng6+ 55. Ke3 Nf8 56. Rc6 Ne6 57. Rxc4 dxc4 {Black mates.} 58. Kxe4 Ke7 59. g4 Kd6 {Accuracy: White = 43%, Black = 67%.} 0-1